000 00456nam a2200169 a 4500
001 7925
005 20180713191829.0
008 140415s1977 ve 000 0 spa d
041 _aspa
082 _a980
_bGUZ
100 1 _aGUZMAN NOGUERA, IGNACION DE
245 1 3 _aEL PENSAMIENTO DEL LIBERTADOR
250 _a2a ed.
260 _aVENEZUELA :
_bCONSEJO MUNICIPAL DE CARACAS,
_c1977
300 _a2
650 1 4 _aAMERICA LATINA
_xHISTORIA
999 _c7925
_d7925